00493nam a2200217Ia 4500003000900000008004100009040001300050040001300063041000800076100002300084100000900107245004400116250001200160260001200172260000900184300001100193300001200204490003100216490000600247700002200253IT-RoPAU120407s9999 xx 000 0 und d aIT-RoPAU cIT-RoPAU aita aCarlotta Alpigiano ccur. aApologia. A cura di Carlotta Alpigiano. aFirenze aNardini c1988 a216 p. c20.5 cm aBiblioteca Patristica, 11 v1 aAristide di Atene